000 02810nam a22003737a 4500
005 20110810101858.0
010 _aENG-103268 B-464543-552
020 _c295.00
_a9789380658261
035 _aEN-86801 B-464543-552
037 _bDBAD/PUB
037 _bK.K.Pub/Ven
082 _aS
100 _aCanfield, Jack
245 _aChicken soup for the soul :
_cby Jack Canfield, Mark Victor Hansen [and] Amy Newmark ; foreworded by Kristi Yamaguchi [and] Bret Hedican
_b101 heartwarming and humorous stories about dating, romance, love, and marriage /
246 _aTrue love
260 _aChennai
_bWestland
_c2011
270 _aVenkat Towers, 165, P.H.Road,Maduravoyal
_bChennai
_e600095
300 _axvi,393p.
_c23cm (pbk)
700 _931640
_aHansen, Mark Victor
700 _aNewmark, Amy
_91026
942 _2ddc
_cEN
_mCAN
_hS
999 _c55129
_d55129